Online
Catalog

Los propios dioses / (Record no. 42298)

MARC details
000 -CABECERA
campo de control de longitud fija 00673nam a2200229 a 4500
001 - NÚMERO DE CONTROL
campo de control 000042809
005 - FECHA Y HORA DE LA ÚLTIMA TRANSACCIÓN
campo de control 20201002040419.0
008 - DATOS DE LONGITUD FIJA--INFORMACIÓN GENERAL
campo de control de longitud fija 140210s1983 sp 000 0 spa d
020 ## - NÚMERO INTERNACIONAL ESTÁNDAR DEL LIBRO
Número Internacional Estándar del Libro 8402034373
040 ## - FUENTE DE LA CATALOGACIÓN
Centro catalogador/agencia de origen DO-SdBNP
Lengua de catalogación spa
Centro/agencia transcriptor BNPHU
041 17 - CÓDIGO DE LENGUA
Código de lengua del texto/banda sonora o título independiente spa
Código de lengua original eng
082 ## - NÚMERO DE LA CLASIFICACIÓN DECIMAL DEWEY
Número de clasificación xxx
Número de documento/Ítem P637p, 1983
100 1# - ENTRADA PRINCIPAL--NOMBRE DE PERSONA
Nombre de persona Asimov, Isaac
9 (RLIN) 47685
240 10 - TÍTULO UNIFORME
Título uniforme The gods themselves
Lenguaje de la obra Español
245 14 - MENCIÓN DE TÍTULO
Título Los propios dioses /
Mención de responsabilidad, etc. Isaac Asimov ; traducción del inglés, Pilar Giralt.
250 ## - MENCIÓN DE EDICIÓN
Mención de edición 7a ed.
260 ## - PUBLICACIÓN, DISTRIBUCIÓN, ETC.
Lugar de publicación, distribución, etc. Barcelona :
Nombre del editor, distribuidor, etc. Bruguera,
Fecha de publicación, distribución, etc. 1983.
300 ## - DESCRIPCIÓN FÍSICA
Extensión 331 p. ;
Dimensiones 18 cm.
490 1# - MENCIÓN DE SERIE
Mención de serie Libro amigo
Designación de volumen o secuencia 262
700 12 - PUNTO DE ACCESO ADICIONAL--NOMBRE DE PERSONA
Nombre de persona Giralt, Pilar
Término indicativo de función/relación tr.
9 (RLIN) 13329
830 #0 - PUNTO DE ACCESO ADICIONAL DE SERIE-TÍTULO UNIFORME
Título uniforme Libro amigo
Número de parte o sección de la obra 262
9 (RLIN) 70162
Holdings
Estado de retiro Estado de pérdida Restricciones de uso No para préstamo Código de colección Localización permanente Ubicación/localización actual Ubicación en estantería Fecha de adquisición Número de inventario Total de préstamos Signatura topográfica completa Código de barras Fecha visto por última vez Precio válido a partir de Tipo de ítem Koha
      Excluido de préstamo Monografías: Libros y Folletos General General En catalogación 10.02.2014 LF1   xxx P637p, 1983 42809-10 25.06.2020 25.06.2020 No se presta

Powered by Koha